| 000 | 01004 a2200301 4500 | ||
|---|---|---|---|
| 001 | 200421713 | ||
| 999 |
_c200421713 _d40746 |
||
| 003 | TR-AnTOB | ||
| 005 | 20190408221312.0 | ||
| 008 | 160226s tu 000 0 | ||
| 020 | _a0813300967 | ||
| 040 |
_aTR-AnTOB _btur _erda |
||
| 041 | _aeng | ||
| 050 | 0 | 0 |
_aHN662.A8 _bI46 1984 |
| 090 | _aHN662.A8 I46 1984 | ||
| 245 | 1 | 4 |
_aThe Impact of oil revenues on Arab Gulf development / _cedited by M.S. El Azhary. |
| 264 |
_aAnkara : _bHazine Müsteşarlığı, _c2000. |
||
| 300 |
_a203 p. : _bill., 3 maps ;| _c21 cm. |
||
| 336 |
_atext _2rdacontent |
||
| 337 |
_aunmediated _2rdamedia |
||
| 338 |
_avolume _2rdacarrier |
||
| 500 | _aIncludes index. | ||
| 650 |
_aPetroleum industry and trade _xSocial aspects _zPersian Gulf Region _9105297 |
||
| 651 |
_aPersian Gulf Region _xSocial conditions _9105298 |
||
| 653 | 0 |
_*Social development|aEffects of revenue from petroleum industries _aPersian Gulf countries| |
|
| 700 | 1 |
_aEl Azhary, M. S. _9105296 |
|
| 942 | _cBK | ||